000 01395nam a22003737a 4500
003 CHAP
005 20220329143706.0
008 110203s2004 mx r 00010 spa d
010 _a100431
011 _a101403
035 _a112091
040 _cCHAP
090 _aTesis
100 0 0 _aCastro Ramírez, Adriana Elena.
_920413
245 1 0 _aDiversidad del complejo gallina ciega (Coleoptera) y su Impacto al cultivo de maíz en un gradiente ambiental de los altos de Chiapas, México
_c/por Adriana Elena Castro Ramírez
260 _aMérida, Yucatán, Méx. :
_bEl autor,
_c2004
300 _axi, 178 h. :
_cilus.,cuadros, gráfs., mapas
502 _aTesis ( Ph.D. en Ciencias Agropecuarias) -- UAY. Facultad de Medicina veterinaria y Zootecnia
590 _aALEPH
_b10
_c20130110
_lUCH01
_h1539
590 _aBATCH-UPD
_b10
_c20130110
_lUCH01
_h1408
590 _aBATCH-UPD
_b10
_c20130410
_lUCH01
_h0856
590 _aBATCH-UPD
_b10
_c20130914
_lUCH01
_h0900
590 _aCONVERSION
_b10
_c20130109
_lUCH01
_h1355
650 1 4 _aColeópteros.
_925123
650 1 4 _aCultivos
_zChiapas.
_930362
650 1 4 _aInsectos
_xLarvas.
_958932
650 1 4 _aMaíz
_xPlagas.
_971034
650 1 4 _aMaíz
_zChiapas.
_971091
650 1 4 _aMedio ambiente.
_974065
901 _aBK
911 _aen proceso
942 _cTESIS
949 _aTesis
_bBC
_cTES
_d33724002233033
_eTS1
_gDonaciØn
_h51917
_i112091
_sb
999 _c100431
_d100431